| 000 | 00412cam a2200181 4500 | ||
|---|---|---|---|
| 001 | D14387 | ||
| 008 | 090401t1938 xxu||||| |||| 00| 0 eng d | ||
| 035 | _a(Sirsi) u15318 | ||
| 041 | _aeng | ||
| 100 | _aWatson, J.A. | ||
| 245 | _aIntroduction to real property law | ||
| 250 | _a2nd | ||
| 260 |
_aLondon _bSweet & Maxwell _c1938 |
||
| 350 | _a0 | ||
| 520 | _aShelf 136 | ||
| 942 | _n0 | ||
| 948 | _c04/03/1997 | ||
| 999 |
_c87274 _d87274 |
||